| 000 | 00647cam a2200229u 4500 | ||
|---|---|---|---|
| 001 | 20653 | ||
| 003 | BD-RjUL | ||
| 005 | 20211209000607.0 | ||
| 008 | 140301s1962 enk 000 0 eng d | ||
| 035 | _a(BD-RjUL)20715 | ||
| 040 |
_aDLC _cCarP _dDLC _dBD-RjUL _beng |
||
| 041 | _aeng | ||
| 082 | 0 | 0 |
_a823 _bJOE 1962 |
| 100 | 1 |
_aJohnson, Pamela Hansford, _d1912- _963728 |
|
| 245 | 1 | 3 |
_aAn error of judgement / _cJohnson, Pamela Hansford, |
| 260 |
_aLondon : _bMacmillan, _c1962. |
||
| 300 |
_a251 p. ; _c21 cm. |
||
| 650 | 0 |
_aAn error of judgement / _963729 |
|
| 942 |
_2ddc _cBK |
||
| 999 |
_c20653 _d20653 |
||